| 000 | 00852nab a2200253 u 4500 | ||
|---|---|---|---|
| 001 | 19488 | ||
| 003 | HDC | ||
| 007 | cr bn ---aaaaa | ||
| 008 | 210301c |r|noo 0 a d | ||
| 040 | _aHDC | ||
| 100 |
_aKhairil Ashraf, _eauthor _911864 |
||
| 245 | 0 |
_aDOGGONE IT, EVEN BEEF BACON, TURKEY HAM NOT ALLOWED / _cby Khairil Ashraf |
|
| 260 |
_a[No place] : _b[publisher not identified], _c2016 |
||
| 336 |
_atext _2rdacontent |
||
| 337 |
_acomputer _2rdamedia |
||
| 338 |
_aonline resource _2rdacarrier |
||
| 650 |
_aFood chain _917641 |
||
| 650 |
_aHalal certificate _9482 |
||
| 710 | _aMSN MALAYSIA | ||
| 856 | _zRequest full-text at [email protected] | ||
| 942 | _2lcc | ||
| 942 | _cNEWS | ||
| 942 | _kNWSO 009724 | ||
| 999 |
_c16804 _d16804 |
||